| 000 | 00743nam a2200241 i 4500 | ||
|---|---|---|---|
| 001 | 56317 | ||
| 003 | ES-MaACL | ||
| 005 | 20250809042341.0 | ||
| 007 | t| | ||
| 008 | 031007s1963 sp ||||1| spa d | ||
| 080 | _a347.151(02) | ||
| 100 | 1 |
_aDíez Díaz, Joaquín. _944720 |
|
| 245 | 1 | 4 |
_aLos derechos físicos de la personalidad _b: derecho somático / _cJoaquín Díez Díaz. |
| 260 |
_a[Madrid] : _bSantillana, _c[1963] ( _fE. Sánchez Leal) |
||
| 300 |
_a403 p. ; _c23 cm. |
||
| 490 | 1 | _aLa toga | |
| 650 | 7 |
_aDerechos de la personalidad _2embne _9173597 |
|
| 650 | 4 |
_aDelitos contra la persona. _9166495 |
|
| 830 | 1 |
_aLa toga _9182851 |
|
| 852 | 4 |
_aES-MaACL _jC-23860 |
|
| 852 | 4 |
_aES-MaACL _jC-26172 |
|
| 999 |
_c56317 _d56317 |
||